Čakanie na politickú chybu Rozhovor predsedu HZDS Vladimírom Mečiarom pre Deutschlandfunk

Bibliographic Details
Main Author: Mečiar, Vladimír, 1942- (Author)
Format: Article
Language:Slovak
Subjects:

MARC

LEADER 00000nab a2200000 a 4500
001 vtls000439089
003 SK-MaSNL
005 20260311224729.0
008 160115c1992 xo 0 slo
015 |a SNBRB19rr/mm-uuuuu 
035 |a CL0439217 
040 |a SNKBUCL  |b slo  |c SNKBUCL  |e AACR2 
041 0 |a slo 
044 |a xo  |c SK 
080 |a 342.2/.3  |2 1981 
080 |a 323(437)  |2 1981 
100 1 |a Mečiar, Vladimír,  |d 1942-  |4 aut  |9 10144 
245 1 0 |a Čakanie na politickú chybu  |b Rozhovor predsedu HZDS Vladimírom Mečiarom pre Deutschlandfunk  |c Vladimír Mečiar 
650 0 7 |a vnútorná politika  |2 snkbucl  |9 970 
651 7 |a Československo  |2 snkbucl  |9 21376 
655 7 |a články z novín a časopisov  |2 snkbucl  |9 267496 
773 0 |t Národná obroda  |g Roč. 3, č. 20 (24. 1. 1992), s. 3 
850 |a Slovenská národná knižnica v Martine  |a MTA001 
852 |a SNK  |b KIS3GCP 
958 |a RK 
992 |a RBX 
999 |c 3261635  |d 3263565